Mystery Taylor Swift Song #1 - Statistics

General Stats
  • This quiz has been taken 3,209 times
    1,667 since last reset
  • The average score is 229 of 405
Answer Stats
Answer % Correct
I
100%
a
97%
you
94%
You
94%
the
90%
me
87%
me,
87%
we
85%
We
85%
And
83%
and
83%
he
79%
it
79%
It
79%
to
78%
your
76%
is
74%
in
73%
so
69%
So
69%
when
69%
was
68%
Was
68%
Were
67%
you're
66%
for
63%
too
63%
of
61%
that
60%
all
59%
Like
58%
this
58%
don't
57%
I'm
57%
said
57%
said,
57%
there
57%
what
56%
not
54%
at
53%
say
53%
up,
53%
up
53%
Where
53%
but
51%
Did
51%
then
48%
can't
47%
never
47%
'Cause
46%
loved
46%
now
46%
time,
46%
just
45%
Oh,
43%
Oh
43%
always"
42%
always",
42%
one
42%
"Forever
41%
here
41%
out
41%
knew
40%
think
40%
down
39%
night,
39%
Baby
38%
baby,
38%
told
38%
eye
37%
feel
36%
gone
36%
something
36%
back
35%
Back
35%
Everything
35%
everything
35%
everything?
35%
didn't
34%
looked
34%
Once
34%
tell
34%
upon
33%
nothing
32%
thing
32%
way
32%
boy
30%
made
30%
still
29%
wrong
29%
going?
28%
mean
28%
rains
28%
run
28%
Thought
28%
door
27%
into
27%
little
27%
anymore
26%
bedroom
26%
caught
26%
seems
26%
speak
26%
believe
25%
called
25%
eyes
25%
flashback
25%
hasn't
25%
phone,
25%
phone
25%
Please
25%
sure
25%
Tuesday
25%
yeah.
25%
almost
24%
kidding?
24%
onto
24%
scared
24%
second
24%
hide
23%
hold
23%
honest,
23%
line?
23%
stare
23%
breaking
22%
halfway
22%
happened?
22%
low
22%
minute,
22%
minute
22%
perfect,
22%
welcome
22%
silence,
21%
forget
20%
here's
20%
Here's
20%
coming
19%
core
16%
cuts
16%
No matching quizzes found
Score Distribution
Percent of People with Each Score
Percentile by Number Answered
Your Score History
You have not taken this quiz since the last reset